000 00677nam a2200241Ia 4500
003 OSt
005 20220918202755.0
006 a|||||r|||| 00| 0
007 ta
008 220917b |||||||| |||| 00| 0 eng d
024 _a103,746
037 _cTextual
040 _aARTS
_cARTS
_beng
041 _2eng
_aeng
082 _aV2M8:51xM69:g(W87), M2
100 _aKytle Calvin
_9105187
245 0 _aGandhi, soldier of nonviolence
_b an introduction
260 _aWashington
_bSeven Locks Press
_c1982
300 _axiii,203p.
_ccm.
650 _aHISTORY
942 _hV2M8:51xM69:g(W87), M2
_cTEXL
_2CC
999 _c227147
_d227147